|
|
|
|
| LEADER |
00779naa a2200205 i 4500 |
| 001 |
publ28383 |
| 005 |
20230929090119.0 |
| 008 |
230929s2023 hu o 0|| Spanyol d |
| 020 |
|
|
|a 9789878135571
|
| 024 |
7 |
|
|a 34162960
|2 mtmt
|
| 040 |
|
|
|a SZTE Publicatio Repozitórium
|b hun
|
| 041 |
|
|
|a Spanyol
|
| 100 |
1 |
|
|a Csikós Zsuzsanna
|
| 245 |
1 |
0 |
|a Historia de las relaciones culturales entre Cuba y Hungría (1959-1989)
|h [elektronikus dokumentum] /
|c Csikós Zsuzsanna
|
| 260 |
|
|
|a CLACSO
|b Buenos Aires
|c 2023
|
| 300 |
|
|
|a 18
|
| 300 |
|
|
|a 21-38
|
| 490 |
0 |
|
|a Las relaciones culturales entre América Latina y los países socialistas europeos durante la Guerra Fría
|
| 650 |
|
4 |
|a Nyelvek és irodalom
|
| 856 |
4 |
0 |
|u http://publicatio.bibl.u-szeged.hu/28383/3/34162960.pdf
|z Dokumentum-elérés
|